000 00440nam a2200169 4500
001 132318
003 ES-MaACL
005 20230906194142.0
007 t|
008 070214s1936 sp r ||||1| spa d
100 1 _aRomero, J. Rubén.
_999330
245 1 3 _aEl pueblo inocente /
_cJ. Rubén Romero.
250 _a3ª ed.
260 _aBarcelona :
_bAgustín Núñez,
_c1936.
300 _a212 p. ;
_c20 cm.
852 _aES-MaACL
_jA-4370
999 _c132318
_d132318